| 000 | 00508nam a2200193 a 4500 | ||
|---|---|---|---|
| 005 | 20220603063617.0 | ||
| 008 | 031008s1997 mx r 000 0 spa d | ||
| 020 | _a9681654145 | ||
| 035 | _aUPN01000129731 | ||
| 049 | _aI | ||
| 050 | 4 |
_aPZ90 M2.5 _bG6.5 |
|
| 100 | 1 | _aGomi, Taro | |
| 245 | 1 | 1 |
_a¡Mira lo que tengo! / _bTaro Gomi. |
| 260 |
_aMéxico : _bFCE, _cc1997. |
||
| 300 |
_a16 h. : _bil. col. |
||
| 534 |
_pTraducción de: _tI got it! |
||
| 650 | 4 |
_aCuentos infantiles _96744 |
|
| 905 | _aInfantil | ||
| 999 |
_c101888 _d101888 |
||